S.S. Juan Pablo II, el Papa de todos

Gespeichert in:
Bibliographische Detailangaben
1. Verfasser: Naranjo Urrutia, Alfonso (autor)
Format: Buch
Sprache:Spanisch
Veröffentlicht: Santiago La Noria 1987
Ausgabe:1a. ed
Schlagworte:
Tags: Tag hinzufügen
Keine Tags, Fügen Sie den ersten Tag hinzu!

MARC

LEADER 00000cam a2200000 a 4500
001 UCL5371
003 CL-VaPUC
008 040312e19870300CL |||||||||||||||||spa|d
082 0 4 |a 282.092  |b NAR  |2 21 
100 |a Naranjo Urrutia, Alfonso  |e autor  |9 483111 
245 1 0 |a S.S. Juan Pablo II, el Papa de todos 
250 |a 1a. ed 
300 |a 272 p 
942 |c BK 
945 |d 20040312 00:00:00  |a vberengu 
260 |a Santiago  |b La Noria  |c 1987 
600 0 7 |a WOJTYLA, KAROL  |2 CL-VaPUC  |9 352234 
600 0 |a Juan Pablo II  |9 309920 
650 0 |a Papas   |v Biografías   |9 458600 
583 |a last modification  |c 20140114 04:44:04  |k Rodrigo Vera 
999 |c 307980  |d 307978 
952 |0 0  |1 0  |4 0  |6 282_092000000000000_NAR_1987  |7 0  |8 A  |9 374176  |a BIBTEO  |b BIBTEO  |d 2019-11-21  |i 210525K  |o 282.092 NAR 1987  |p 210525K  |r 2024-01-18  |w 2019-11-21  |y BK  |k ICR 
952 |0 0  |1 0  |3 erb  |4 0  |6 282_092000000000000_NAR_1987  |7 0  |8 P  |9 374177  |a BIBEDU  |b BIBEDU  |c BIBEDU_PB  |i 5051363  |o 282.092 NAR 1987  |p 5051363  |r 2024-01-25  |w 2019-11-21  |y BK  |z Catalogado en:20140116  |k EPE